IMF InFocus magazine.

The Web edition of the IMF Survey is updated several times a week, and contains a wealth of articles about topical policy and economic issues in the news. Access the latest IMF research, read interviews, and listen to podcasts given by top IMF economists on important issues in the global economy. ww...

সম্পূর্ণ বিবরণ

গ্রন্থ-পঞ্জীর বিবরন
সংস্থা লেখক: International Monetary Fund. External Relations Dept
বিন্যাস: পত্রিকা
ভাষা:English
প্রকাশিত: Washington, D.C. : International Monetary Fund, 2006.
মালা:IMF Survey; IMF Survey ; No. 0035/024
বিষয়গুলি:
অনলাইন ব্যবহার করুন:Full text available on IMF
LEADER 01448cas a2200265 a 4500
001 AALejournalIMF010213
008 230101c9999 xx r poo 0 0eng d
020 |c 5.00 USD 
020 |z 9781451920673 
022 |a 0047-083X 
040 |a BD-DhAAL  |c BD-DhAAL 
110 2 |a International Monetary Fund.  |b External Relations Dept. 
245 1 0 |a IMF InFocus magazine. 
264 1 |a Washington, D.C. :  |b International Monetary Fund,  |c 2006. 
300 |a 1 online resource (34 pages) 
490 1 |a IMF Survey 
500 |a <strong>Off-Campus Access:</strong> No User ID or Password Required 
500 |a <strong>On-Campus Access:</strong> No User ID or Password Required 
506 |a Electronic access restricted to authorized BRAC University faculty, staff and students 
520 3 |a The Web edition of the IMF Survey is updated several times a week, and contains a wealth of articles about topical policy and economic issues in the news. Access the latest IMF research, read interviews, and listen to podcasts given by top IMF economists on important issues in the global economy. www.imf.org/external/pubs/ft/survey/so/home.aspx. 
538 |a Mode of access: Internet 
650 7 |a Government Policy  |2 imf 
650 7 |a Provision and Effects Of Welfare Program  |2 imf 
830 0 |a IMF Survey; IMF Survey ;  |v No. 0035/024 
856 4 0 |z Full text available on IMF  |u http://elibrary.imf.org/view/journals/023/0035/024/023.0035.issue-024-en.xml  |z IMF e-Library